Who's That with Conan O'Brien? Quiz Stats

 Plays Quiz Updated Apr 18, 2020

     
Support Sporcle.
Go Orange.
Score 0/24 Timer 06:00
1 Play Today
% Correct
Tom Hanks
98.7%
Bill Clinton
93.7%
Jay Leno
91.6%
Steve Martin and Martin Short
85%
Will Ferrell
83.9%
Jerry Seinfeld
82.8%
Amy Poehler
77.8%
Nicole Kidman
77.7%
Sean Penn
72.2%
Elizabeth Warren
70.2%
Ray Romano
64.7%
Jamie Lee Curtis
64.5%
% Correct
Susan Sarandon
64.4%
Tracy Morgan
63.1%
Zooey Deschanel
61.7%
Mindy Kaling
60.6%
Dana Carvey
56.7%
John Krasinski
55.3%
Debra Messing
51.6%
Ken Jeong
50.6%
Rachel McAdams
47.7%
Allison Janney
41.4%
Timothy Olyphant
26.2%
Angela Bassett
24.2%
Remove Ads.
Support Sporcle.
Get the best of Sporcle when you Go Orange. This ad-free experience offers more features, more stats, and more fun while also helping to support Sporcle. Thank you for becoming a member.

Show Comments

Extras

Top Quizzes Today


Score Distribution

Your Account Isn't Verified!

In order to create a playlist on Sporcle, you need to verify the email address you used during registration. Go to your Sporcle Settings to finish the process.

Report this User

Report this user for behavior that violates our Community Guidelines.

Details: